| 000 | 01332cam a2200253 4500 | ||
|---|---|---|---|
| 001 | ABS63110 | ||
| 008 | 000000n2000 000 0 eng u | ||
| 035 | _a(Sirsi) u109639 | ||
| 100 | _aBradley, S | ||
| 245 | _aFlex to fit | ||
| 260 | _c2000 | ||
| 490 |
_aProperty Week _v65(45) 17 November 2000, 112-113(2) |
||
| 520 | _aOutlines the importance of creating worker friendly office environments, which offer flexibility and choice, with efficient support and information systems. Discusses ideas addressed at the annual "Lean Office" conference. User requirements for the optimum workplace encompass environmental values such as good light and air, and utility values such as customised settings and ergonomic choices. BT Property utilised technology to support their advanced workplace vision, and has created a wire-free office prototype, which reduces occupancy density to 6 sq m per person. Concludes that the property industry needs to address these workplace demands to avoid losing out to new players and alternative technologies. | ||
| 590 | _aABS | ||
| 650 | _aERGONOMICS | ||
| 650 | _aSPACE PLANNING | ||
| 650 | _aSPACE DESIGN | ||
| 650 | _aFUTURE | ||
| 650 | _aOFFICE BUILDINGS | ||
| 650 | _aOCCUPIERS NEEDS | ||
| 650 | _aPROTOTYPE | ||
| 690 | _aBUILT ENVIRONMENT-CONSTRUCTION DESIGN | ||
| 942 | _n0 | ||
| 999 |
_c65457 _d65457 |
||